Los jefes : (Registro nro. 14899)

000 -CABECERA
campo de control de longitud fija 02074nam a2200337 a 4500
001 - NÚMERO DE CONTROL
campo de control 1391846
003 - IDENTIFICADOR DEL NÚMERO DE CONTROL
campo de control OSt
005 - FECHA Y HORA DE LA ÚLTIMA TRANSACCIÓN
campo de control 20230427170507.0
008 - DATOS DE LONGITUD FIJA--INFORMACIÓN GENERAL
campo de control de longitud fija 140329s2001 ck gr 00011 spa d
020 ## - NÚMERO INTERNACIONAL ESTÁNDAR DEL LIBRO
Número Internacional Estándar del Libro 9588089190
040 ## - FUENTE DE LA CATALOGACIÓN
Centro/agencia transcriptor CO-MqBPB
082 04 - NÚMERO DE LA CLASIFICACIÓN DECIMAL DEWEY
Número de clasificación AN
Número de documento/Ítem VARj
100 1# - ENTRADA PRINCIPAL--NOMBRE DE PERSONA
Nombre de persona Vargas Llosa, Jorge Mario Pedro,
Fechas asociadas al nombre 1936-
245 14 - MENCIÓN DE TÍTULO
Título Los jefes :
Resto del título los cachorros /
Mención de responsabilidad, etc. Mario Vargas Llosa.
260 ## - PUBLICACIÓN, DISTRIBUCIÓN, ETC.
Lugar de publicación, distribución, etc. Bogotá :
Nombre del editor, distribuidor, etc. Casa Editorial El Tiempo,
Fecha de publicación, distribución, etc. 2001.
300 ## - DESCRIPCIÓN FÍSICA
Extensión 189 páginas ;
Dimensiones 21 cm,
Otras características físicas Tapa Rústica.
490 1# - MENCIÓN DE SERIE
Mención de serie Biblioteca El Tiempo ;
Designación de volumen o secuencia 5
500 ## - NOTA GENERAL
Nota general Los Jefes y Los Cachorros sirvieron como antecedente, para la construcción de las obras maestras de Vargas Llosa. Muchos de los elementos técnicos y narrativos que caracterizan la prosa del gran escritor peruano ya aparecen en estas primeras piezas breves: el espacio exterior, por ejemplo, que tiende a ser reducido y opresivo, describe un universo carente de equilibrio o armonía que en demasiadas ocasiones conduce a la frustración.<br/>Ese espacio obliga a los personajes — adolescentes sobre todo— a ofrecer una máscara, fruto de la acomodación a las normas sociales, que impide la autenticidad. Sin embargo, en un nivel más intimo, aflora la cara más sincera, la verdad de las existencias individuales, que choca con la otra superficie y crea una tensión insoportable. De este modo, tanto las pequeñas historias que aparecen en Los Jefes como la novela corta Los Cachorros nos introducen en el mundo sugestivo que Vargas Llosa ha sabido crear y desarrollar desde hace casi medio siglo y que lo ha colocado en la cima más alta de la literatura de nuestro tiempo.
505 0# - NOTA DE CONTENIDO CON FORMATO
Nota de contenido con formato El desafío -- El hermano menor -- Día domingo -- Un visitante -- El abuelo
650 ## - PUNTO DE ACCESO ADICIONAL DE MATERIA--TÉRMINO DE MATERIA
Término de materia o nombre geográfico como elemento de entrada Cuentos peruanos.
650 #4 - PUNTO DE ACCESO ADICIONAL DE MATERIA--TÉRMINO DE MATERIA
Término de materia o nombre geográfico como elemento de entrada Huelgas estudiantiles
Subdivisión de forma Novela.
650 #4 - PUNTO DE ACCESO ADICIONAL DE MATERIA--TÉRMINO DE MATERIA
Término de materia o nombre geográfico como elemento de entrada Novela peruana.
740 4# - PUNTO DE ACCESO ADICIONAL--TÍTULO RELACIONADO O ANALÍTICO NO CONTROLADO
Título relacionado o analítico no controlado Los cachorros.
740 3# - PUNTO DE ACCESO ADICIONAL--TÍTULO RELACIONADO O ANALÍTICO NO CONTROLADO
Título relacionado o analítico no controlado El desafío.
740 3# - PUNTO DE ACCESO ADICIONAL--TÍTULO RELACIONADO O ANALÍTICO NO CONTROLADO
Título relacionado o analítico no controlado El hermano menor.
740 0# - PUNTO DE ACCESO ADICIONAL--TÍTULO RELACIONADO O ANALÍTICO NO CONTROLADO
Título relacionado o analítico no controlado Día domingo.
740 0# - PUNTO DE ACCESO ADICIONAL--TÍTULO RELACIONADO O ANALÍTICO NO CONTROLADO
Título relacionado o analítico no controlado Un visitante.
740 3# - PUNTO DE ACCESO ADICIONAL--TÍTULO RELACIONADO O ANALÍTICO NO CONTROLADO
Título relacionado o analítico no controlado El abuelo.
942 ## - ELEMENTOS DE PUNTO DE ACCESO ADICIONAL (KOHA)
Fuente del sistema de clasificación o colocación
Tipo de ítem Koha Libro Literatura
949 ## - PROCESAMIENTO DE INFORMACIÓN LOCAL (OCLC)
a n
b n
Existencias
Estado de retiro Estado de pérdida Fuente del sistema de clasificación o colocación Estado dañado No para préstamo Código de colección Localización permanente Ubicación/localización actual Ubicación en estantería Fecha de adquisición Fuente de adquisición Total de préstamos Signatura topográfica completa Código de barras Fecha visto por última vez Fecha del último préstamo Número de copia Precio válido a partir de Tipo de ítem Koha Nota pública
          Literatura Adulto Biblioteca Pública San Juan Bosco Biblioteca Pública San Juan Bosco Literatura 27/04/2023 Donación 3 AN VARj MOS503136 22/04/2026 23/08/2024 Ej. 1 27/04/2023 Libro Literatura Quince días

© Todos los derechos reservados para la Biblioteca Pública Municipal San Juan Bosco, 2020
Secretaria de Cultura de Mosquera
Carrera 3 N° 10 Esquina Centro Cultural Barrio El Carmén Teléfono: 8270830 Ext: 34
Funcionando con KOHA
Contacto: Biblioteca Pública Municipal San Juan Bosco/ bibliotecasanjuanbosco@mosquera-cundinamarca.gov.co
Mosquera, Cundinamarca